| 000 | 03352nam2a22003131 4500 | ||
|---|---|---|---|
| 001 | RU\NLR\INFOCOMM6\1000361817 | ||
| 005 | 20250616232405.0 | ||
| 035 | _a(NLR Aleph) 002276092 | ||
| 090 |
_a3997891 _c3997891 |
||
| 100 | _a20031127d1887 |||y0rusy50 ca | ||
| 101 | 0 | _arus | |
| 102 | _aRU | ||
| 105 | _ay ||||||||| | ||
| 200 | 0 | _aТ.56, Кн.1 | |
| 210 |
_d1887 _aБ. м. |
||
| 421 | 1 |
_12001#$aКритический обзор млекопитающих и птиц Кольского полуострова$fПлеске Ф.Д. _1700#1$aПлеске$bФ.Д. _1210##$aСпб.$d1887 _1309##$aПрипл. _1311##$a1887/1888 к т.56 _tКритический обзор млекопитающих и птиц Кольского полуострова _aПлеске, Ф.Д. |
|
| 421 | 1 |
_12001#$aОтчет по Главной физической обсерватории за 1885 и 1886 годы, представленный Физико-математическому отделению Академии наук 25 августа 1887 г. директором Г.Вильдом _1210##$aСпб.$d1887 _1309##$aПрипл. _1311##$a1887/1888 к т.56 _tОтчет по Главной физической обсерватории за 1885 и 1886 годы, представленный Физико-математическому отделению Академии наук 25 августа 1887 г. директором Г.Вильдом |
|
| 421 | 1 |
_12001#$aТоржественное собрание Отделения русского языка и словесности 22-го ноября 1887 года, посвященное чествованию К.Н.Батюшкова _1210##$aСпб.$d1887 _1309##$aПрипл. _1311##$a1887/1888 к т.56 _tТоржественное собрание Отделения русского языка и словесности 22-го ноября 1887 года, посвященное чествованию К.Н.Батюшкова |
|
| 421 | 1 |
_12001#$aО фигуре Земли$fСтебницкий И.И. _1700#1$aСтебницкий$bИ.И. _1210##$aСпб.$d1887 _1309##$aПрипл. _1311##$a1887/1888 к т.56 _tО фигуре Земли _aСтебницкий, И.И. |
|
| 421 | 1 |
_12001#$aОб этнографической поездке по Литве и Жмуди летом 1887 г.$fВольтер Э.А. _1700#1$aВольтер$bЭ.А. _1210##$aСпб.$d1887 _1309##$aПрипл. _1311##$a1887/1888 к т.56 _tОб этнографической поездке по Литве и Жмуди летом 1887 г. _aВольтер, Э.А. |
|
| 461 | 0 |
_1001RU\NLR\INFOCOMM6\1000361712 _12001#$aЗаписки Академии наук$vТ.56, Кн.1 _93997372 _aАкадемия наук (Петербург) _cСПб. _d1862-1895 _tЗаписки Академии наук _vТ.56, Кн.1 |
|
| 481 | 0 |
_1001v19\rc\1334710 _95327131 _cБ. м. _d1887 _pIV, 197 с. _tОтчет Главной физической обсерватории..., представленный директором ее, академиком Купфером, г. управляющему Министерством финансов. - ... за 1885 и 1886 годы |
|
| 801 | 1 |
_aRU _bInfoComm _c20031127 |
|
| 801 | 0 |
_aRU _bNLR _gPSBO |
|
| 852 |
_aNLR _j1/447 |
||
| 942 | _cISSUE | ||
| 980 | _aNB | ||
| 980 | _aRUSPER | ||